The explorers / (Record no. 110)

MARC details
000 -LEADER
fixed length control field 00878cam a2200313 i 4500
005 - DATE AND TIME OF LATEST TRANSACTION
control field 20260322212006.0
008 - FIXED-LENGTH DATA ELEMENTS--GENERAL INFORMATION
fixed length control field data
010 ## - LIBRARY OF CONGRESS CONTROL NUMBER
LC control number 78001292
020 ## - INTERNATIONAL STANDARD BOOK NUMBER
International Standard Book Number 0809426609
020 ## - INTERNATIONAL STANDARD BOOK NUMBER
International Standard Book Number 0809426595 lib. bdg.
020 ## - INTERNATIONAL STANDARD BOOK NUMBER
International Standard Book Number 9780809426591 lib. bdg.
020 ## - INTERNATIONAL STANDARD BOOK NUMBER
International Standard Book Number 9780809426607
040 ## - CATALOGING SOURCE
Original cataloging agency DLC
Transcribing agency DLC
Modifying agency DLC
050 00 - LIBRARY OF CONGRESS CALL NUMBER
Classification number G200
Item number .H85
082 00 - DEWEY DECIMAL CLASSIFICATION NUMBER
Classification number B
-- B
092 ## - LOCALLY ASSIGNED DEWEY CALL NUMBER (OCLC)
Classification number 910 H85 1978
001 - CONTROL NUMBER
control field data
245 04 - TITLE STATEMENT
Title The explorers /
Statement of responsibility, etc. edited by Richard Humble & Time-Life Books.
260 ## - PUBLICATION, DISTRIBUTION, ETC.
Place of publication, distribution, etc. Alexandria, Va. :
Name of publisher, distributor, etc. Time-Life Books,
Date of publication, distribution, etc. c1978.
300 ## - PHYSICAL DESCRIPTION
Extent 176 p. :
Other physical details ill. ;
Dimensions 29 cm.
440 #4 - SERIES STATEMENT/ADDED ENTRY--TITLE
Title The Seafarers
500 ## - GENERAL NOTE
General note Includes index.
504 ## - BIBLIOGRAPHY, ETC. NOTE
Bibliography, etc. note Bibliography: p. 172.
650 #0 - SUBJECT ADDED ENTRY--TOPICAL TERM
Topical term or geographic name entry element Explorers.
700 1# - ADDED ENTRY--PERSONAL NAME
Personal name Humble, Richard.
710 2# - ADDED ENTRY--CORPORATE NAME
Corporate name or jurisdiction name as entry element Time-Life Books.
906 ## - LOCAL DATA ELEMENT F, LDF (RLIN)
a 7
b cbc
c orignew
d 1
e ocip
f 19
g y-gencatlg
991 ## -
-- c-GenColl
-- G200
-- .H85
-- 00000847082
-- Copy 1
-- BOOKS
Holdings
Withdrawn status Lost status Damaged status Not for loan Home library Current library Shelving location Date acquired Total checkouts Full call number Barcode Date last seen Price effective from Koha item type
        Centerville Centerville General stacks 22/03/2026   910/.92/2 B BC0010114 22/03/2026 22/03/2026 Books